000 00310nam a22001337a 4500
008 180209b xxu||||| |||| 00| 0 eng d
020 _a9780078228643
041 _aeng
080 _a51
100 _a35
101 _aMAT
245 _aMATHEMATICS APPLICATIONS AND CONNECTIONS
_cGLENCOE.L
942 _2udc
_cBK
999 _c42235
_d42235